00707nam a22001697a 4500003000400000005001700004008004100021040002100062050002400083100002700107245017800134260004100312300000900353650005300362650006000415650006200475OSt20260610151941.0260610b |||||||| |||| 00| 0 eng d cChuka University aLB 1607 b.M35 2025 aMiriti Jackline Makena aInfluence of selected pedagogical factors on students’ participation in History and Government in public secondary schools in Maara Sub-County, Tharaka-Nithi County, Kenya aChuka, KenyabChuka Universityc2025 a131P a1. History and goverment.....study and teaching  a2. Student participation...........Tharaka Nithi County a3. Active learning.......Kenya.......Tharaka Nithi County